Wszyscy zwycięzcy Ekstraklasy - Statystyki

Ogólne statystyki
  • Ten quiz został rozwiązany 105 razy
  • Średni wynik to 15 z 20
Statystyki odpowiedzi
Ostatni sezon Ilość Klub % Poprawnych
2024/25 9 Lech Poznań
100%
2020/21 15 Legia Warszawa
100%
2010/11 13 Wisła Kraków
100%
2022/23 1 Raków Częstochowa
92%
1987/88 14 Górnik Zabrze
91%
2023/24 1 Jagiellonia Białystok
91%
1999/00 2 Polonia Warszawa
85%
1988/89 14 Ruch Chorzów
85%
1948 5 Cracovia
83%
2018/19 1 Piast Gliwice
83%
1996/97 4 Widzew Łódź
80%
2011/12 2 Śląsk Wrocław
78%
1997/98 2 ŁKS Łódź
74%
2006/07 2 Zagłębie Lubin
70%
1926 4 Pogoń Lwów
67%
1962 2 Polonia Bytom
60%
1975/76 2 Stal Mielec
60%
1947 2 Warta Poznań
52%
1979/80 1 Szombierki Bytom
48%
1931 1 Garbarnia Kraków
38%
Nie znaleziono quizów pasujących do podanych kryteriów
Rozkład punktacji
Procent ludzi z każdym wynikiem
Percentyl według liczby udzielonych odpowiedzi
Twoja historia wyników
Nie rozwiązałeś tego quizu